Statistics for Lana del rey - Terrence loves you

Click here to take the quiz!

General Stats

  • This quiz has been taken 26 times
  • The average score is 176 of 221

Answer Stats

Answer% Correct
But
100%
hear
100%
You
100%
you
100%
and
94%
And
94%
are
94%
I
94%
my
94%
the
94%
to
94%
To
94%
your
94%
all
88%
can
88%
Can
88%
me
88%
on
88%
in
82%
lost
82%
myself
82%
night
82%
still
82%
what
82%
when
82%
When
82%
who
82%
You're
82%
be
76%
blues
76%
don't
76%
got
76%
Hollywood
76%
legends
76%
long
76%
never
76%
not
76%
put
76%
radio
76%
tunes
76%
control
71%
get
71%
Ground
71%
grow
71%
Major
71%
old
71%
television
71%
that
71%
Tom
71%
will
71%
Will
71%
with
71%
anyone
65%
anything
65%
baby
65%
crazy
65%
for
65%
For
65%
Isn't
65%
it
65%
jazz
65%
those
65%
change
59%
here
59%
honey
59%
I'll
59%
I've
59%
matter
59%
mind
59%
strange
59%
cold
53%
Hold
53%
let
53%
too
53%
transmit
53%
Trying
53%
won't
53%
bad
47%
darling
47%
light's
47%
of
47%
trashed
47%
know
41%
tight
41%
dare
29%
hidden
29%
Well
29%
what's
29%
thee
18%

Score Distribution

Percentile by Number Answered

Percent of People with Each Score

Your Score History

You have not taken this quiz